Human Resource Management (Record no. 94608)

MARC details
000 -LEADER
fixed length control field 00548nam a2200229Ia 4500
005 - DATE AND TIME OF LATEST TRANSACTION
control field 20230308145307.0
008 - FIXED-LENGTH DATA ELEMENTS--GENERAL INFORMATION
fixed length control field 230125s9999 xx 000 0 und d
020 ## - INTERNATIONAL STANDARD BOOK NUMBER
International Standard Book Number 9789332542198
041 ## - LANGUAGE CODE
Language code of text/sound track or separate title eng
082 ## - DEWEY DECIMAL CLASSIFICATION NUMBER
Classification number 658.312 44
Item number DES
100 ## - MAIN ENTRY--PERSONAL NAME
Author Dessler G
245 ## - TITLE STATEMENT
Title Human Resource Management
250 ## - EDITION STATEMENT
Edition statement Ed.14th
260 ## - PUBLICATION, DISTRIBUTION, ETC.
Date of publication, distribution, etc. 2017
Name of publisher, distributor, etc. Pearson Education
Place of publication, distribution, etc. Chennai
300 ## - PHYSICAL DESCRIPTION
Extent 570p
500 ## - GENERAL NOTE
Keywords HRM
650 ## - SUBJECT ADDED ENTRY--TOPICAL TERM
Topical term or geographic name entry element HRM
700 ## - ADDED ENTRY--PERSONAL NAME
Personal name Dessler G & Varkkey B
942 ## - ADDED ENTRY ELEMENTS (KOHA)
Koha item type Books
906 ## - LOCAL DATA ELEMENT F, LDF (RLIN)
b 225.99
Holdings
Withdrawn status Lost status Damaged status Not for loan Home library Current library Date acquired Vendor Net Price Bill number Total Checkouts Full call number Barcode Date last seen Actual Price Bill Date Koha item type Original Barcode
        Smt. Hiraben Nanavati Institute of Management & Research for Women Smt. Hiraben Nanavati Institute of Management & Research for Women 23/02/2017 Suyog Enterprises 729.00 SE/SI/3790   658.312 44 DES B15247 HIMR-BK-15247 25/01/2023 503.01 22/02/2017 Books B15247
        Smt. Hiraben Nanavati Institute of Management & Research for Women Smt. Hiraben Nanavati Institute of Management & Research for Women 23/02/2017 Suyog Enterprises 729.00 SE/SI/3790   658.312 44 DES B15248 HIMR-BK-15248 25/01/2023 503.01 22/02/2017 Books B15248
        Smt. Hiraben Nanavati Institute of Management & Research for Women Smt. Hiraben Nanavati Institute of Management & Research for Women 23/02/2017 Suyog Enterprises 729.00 SE/SI/3790   658.312 44 DES B15249 HIMR-BK-15249 25/01/2023 503.01 22/02/2017 Books B15249